Białas - H8M5 - Statystyki

Ogólne statystyki
  • Ten quiz został rozwiązany 327 razy
  • Średni wynik to 15 z 23
Statystyki odpowiedzi
# Odpowiedź % Poprawnych
H8 | 13 Drift ft. Mata
84%
ME | 19 PDW ft. Mata
81%
21 Piękna
81%
2 Sępy ft. Szpaku
81%
9 W Imię Ojca Trapu
77%
6 Morfina ft. Bedoes
74%
1 Inwazja ft. Grzegorz Ciechowski
73%
17 Smutne Miasteczko ft. Szpaku
73%
8 Na Ulicy
72%
18 Sweet Home ft. White 2115
71%
23 Łzy Feniksa
70%
20 Shuriken
67%
10 Swoosh Gang ft. Pezet
66%
14 Ból Dupy ft. ADM
65%
11 Toniemy ft. Smolasty
63%
12 Prawdziwy Król
62%
3 Nowa Legenda
58%
16 Pasy ft. Beteo
58%
7 Potępiony ft. Kara
57%
22 Trapsos
54%
15 Zło Jest Wszędzie ft. Bedoes
52%
5 Moja Wina
49%
4 Pod Nadzorem
49%
Nie znaleziono quizów pasujących do podanych kryteriów
Rozkład punktacji
Procent ludzi z każdym wynikiem
Percentyl według liczby udzielonych odpowiedzi
Twoja historia wyników
Nie rozwiązałeś tego quizu